Sports Quiz

Random Sports or Soccer Quiz

Best Soccer Players in the World 2014 Quiz Stats

 Plays Quiz not verified by Sporcle

Score 0/20 Timer 07:00
0 Plays Today
Team Player % Correct
FC BarcelonaLionel Messi
99.2%
Real MadridChristiano Ronaldo
98.4%
PSGZlatan Ibrahimovic
94.5%
FC Bayern MunichManuel Neuer
91.4%
FC Bayern MunichArjen Robben
86.7%
FC BarcelonaLouis Suarez
85.2%
Real MadridGarreth Bale
82%
FC BarcelonaAndres Iniesta
80.5%
DortmundMarco Reus
76.6%
FC Bayern MunichFranc Ribery
75%
Team Player % Correct
Manchester CitySergio Aguero
68%
FC Bayern MunichBastian Schweinsteiger
62.5%
FC Bayern MunichLewandowski
59.4%
Chelsea Diego Costa
59.4%
ChelseaHazard
59.4%
Real MadridLuca Modric
56.3%
Real MadridJames Rodriguez
56.3%
JuventusArturo Vidal
51.6%
Manchester UnitedAngel Di Maria
35.2%
FC BarcelonaNeymar JR.
22.7%

You're not logged in!

Compare scores with friends on all Sporcle quizzes.
OR
Log In

Sporcle TV

Today on Sporcle TV


Watch our educational content, quiz creation guides, and fun videos on Sporcle TV.

Show Comments

Extras

Created Jan 14, 2015ReportNominate
Tags:Soccer Quiz, World Quiz, 2014, player, team

Top Quizzes Today


Score Distribution

Your Account Isn't Verified!

In order to create a playlist on Sporcle, you need to verify the email address you used during registration. Go to your Sporcle Settings to finish the process.

Report this User

Report this user for behavior that violates our Community Guidelines.

Details: